Cliquez sur la bonne traduction en espagnol - La maison - Statistiques

Statistiques générales
  • Ce quiz a été pris 831 fois
  • Le résultat moyen est 15 sur 21
Statistiques - réponses
Hint Réponse % Correct
Cuisine Cocina
93%
Appartement Apartamento
90%
Entrée Entrada
90%
Jardin Jardín
90%
Escaliers Escalera
89%
Garage Garaje
89%
Terrasse Terraza
89%
Salon Salón
87%
Balcon Balcón
85%
Maison Casa
81%
Salle à manger Comedor
76%
Bureau Oficina
75%
Salle de bains Cuarto de baño
72%
Chambre Habitación
68%
Toit Techo
66%
Toilettes Baño
62%
Buanderie Lavadero
55%
Etage Piso
54%
Grenier Ático
53%
Couloir Pasillo
51%
Cave Bodega
32%
Aucun quiz correspondant
Distribution des résultats
% des personnes avec chaque résultat
Percentile par nombre de réponses
Votre historique - résultats
Vous n’avez pas pris ce quiz